| 000 | 00618nam a2200241 a 4500 | ||
|---|---|---|---|
| 001 | 0001-1077 | ||
| 003 | ELIB.Books | ||
| 008 | 150108 2010 eng | ||
| 020 | _a13: 9780764222945 | ||
| 035 | _a(ELIB.Books)0001-1232 | ||
| 092 |
_a248.8 _bPar |
||
| 100 | _aPartow, Donna. | ||
| 245 | _aBecoming the Woman I want to be | ||
| 260 |
_aMinneapolis: _bBethany House _c2004 |
||
| 300 |
_a314 _c21.5 Cm |
||
| 500 | _aC/o Moe Lwai | ||
| 650 | _aChrsitian Woman | ||
| 856 |
_nKBTS; Library _uKBTS; Elib. |
||
| 942 |
_2ddc _cBK |
||
| 990 | _a1 | ||
| 998 |
_cbat _e2015-01-08 |
||
| 999 |
_c11077 _d11077 |
||